000 00548nam a2200205 i 4500
001 C2-0102140
003 PPAK
005 20180727100111.0
008 970531s1981 my |||| ||||| | may d
040 _aPPAK
_beng
_cPPAK
_erda
082 0 4 _a574.014
_223
090 0 0 _a574.014
_bSEN
_dR
245 0 0 _aSenarai istilah biology
264 1 _aKuala Lumpur :
_bDewan Bahasa dan Pustaka ,
_c1981
300 _axi, 126 pages ;
_c22 cm
336 _2rdacontent
_atext
337 _2rdamedia
_aunmediated
338 _2rdacarrier
_avolume
942 _ddc
_cB
999 _c23782
_d23782